000 00803nam a2200253Ia 4500
003 OSt
005 20220923223211.0
006 a|||||r|||| 00| 0
007 ta
008 220922b |||||||| |||| 00| 0 hin d
024 _a211,916
037 _cTextual
040 _aARTS
_cARTS
_bhin
041 _2hin
_ahin
082 _aO152,3x, M2
100 _aश्रीवास्तव, रमा कांत
_9160504
245 0 _aपास पड़ौस
246 _aPās paड़ausa
260 _aदिल्ली
_b अंकुर प्रका0
_c1982
300 _a110पृ.
_ccm.
650 _aहिन्दी साहित्य
_9156264
942 _hO152,3x, M2
_cTEXL
_2CC
999 _c362191
_d362191